000 01204nam a22002297a 4500
005 20150410103753.0
010 _aENG-112450
020 _a9788132118466
_c695.00
035 _aEN-95982
037 _bDBAD/PUB
082 _a891.4
100 _aDutta, Juri
245 _aEthnic worlds in select Indian fiction /
_cby Juri Dutta
260 _aNew Delhi
_bSage Publiocations
_c2014
270 _aB-1/I-1, Mohan Cooperative Industrial Area, Mathura Road,
_bNew Delhi
_e110044
300 _axii,152p.
_c23cm(Hb)
500 _aIncludes bibliographical references and index
505 _aThe tradition of Assamese ethnographic novels -- Forests, human rights and development: a cross-cultural study of select novels of Yeshe Dorjee Thongchi, Pratibha Ray and Mahasweta Devi -- Folkloric materials in ethnic novels (with special reference to Narayan, Rong Bong -- Terang, Lummer Dai, Yeshe Dorjee Thongchi and Sishuram Pegu) -- A feminist reading of Kanyar Mulya (Lummer Dai), Alma Kabutari (Maitreyi Pushpa) and select short stories of Mahasweta Devi.
650 _aIndic fiction
_xHistory and criticism.
650 _aEthnicity in literature.
942 _2ddc
_cEN
_mDUT
_h891.4
999 _c92643
_d92643